LDR 00805naa#a2200157#i#450# 001 RU\\bibl\19417 005 20260516055144.6 100 ## _a20260515b2026####ek#y0rusy0150####ca 102 ## _aRU 200 1# _aБИОРЕСУРСНЫЙ ПОТЕНЦИАЛ ПАСТБИЩНЫХ ЭКОСИСТЕМ ИЛОВЛИНСКО-МЕДВЕДИЦКОГО МЕЖДУРЕЧЬЯ _eСтатья/тезисы конференции 210 1# _aВоронеж _cВоронежский государственный лесотехнический университет имени Г.Ф. Морозова _d2026 215 ## _a7 с. 608 ## _aСтатья/тезисы конференции _2local 675 ## _aЕстественные насаждения в целом. 631.963.2 _z 700 #1 _aВласенко _gМ. В. 856 4# _abibl.vgltu.ru _u